Normal view
MARC view
Entry Topical Term
001 - CONTROL NUMBER
- control field: 1984
003 - CONTROL NUMBER IDENTIFIER
- control field: OSt
005 - DATE AND TIME OF LATEST TRANSACTION
- control field: 20141117131933.0
008 - FIXED-LENGTH DATA ELEMENTS
- fixed length control field: 141117|| aca||aabn | a|a d
040 ## - CATALOGING SOURCE
- Original cataloging agency: OSt
- Transcribing agency: OSt
150 ## - HEADING--TOPICAL TERM
- Topical term or geographic name entry element: Epidemiology
- General subdivision: Methodology.
670 ## - SOURCE DATA FOUND
- Source citation: Work cat.: (OSt)748: Silman, Alan J. 1983, Epidemiological studies :, 2002.
